[Event "69th GRE-ch 2019"]
[Site "Thessaloniki"]
[Date "2019.11.21"]
[Round "2.4"]
[White "Megalios, Konstantinos"]
[Black "Malikentzos, Sotirios"]
[Result "1/2-1/2"]
[WhiteElo "2386"]
[BlackElo "2432"]
[Annotator "TA"]
[PlyCount "147"]
[EventDate "2019.11.20"]
[EventType "tourn"]
[EventCountry "GRE"]
[SourceTitle "playchess.com"]
[Source "ChessBase"]
[SourceQuality "1"]

{[%evp 9,147,14,9,12,13,12,18,6,16,16,17,26,18,22,18,18,25,25,23,20,39,22,27,28,22,20,30,10,10,0,0,0,-8,0,0,-28,-20,-24,-20,-20,-27,-27,-20,-27,-27,-27,-20,-20,-20,-20,-20,-20,-20,-20,-20,-50,-50,-50,-50,-50,-50,-64,-62,-77,-77,-77,-77,-77,-77,-77,-77,-77,-49,-66,-33,-33,-33,-66,-66,-66,-66,-66,-66,-66,-66,-66,-66,-66,-66,-66,-66,-66,-66,-66,-66,-66,-66,-66,-66,-66,-66,-66,-66,-66,-66,-66,-66,-66,-66,-66,-66,-66,-66,-66,-58,-58,-58,-58,-58,-59,-59,-59,-59,-59,-59,-59,-58,-59,-59,-59,-58,-58,-58,-51,-33,-58,-58,-58,-58,-58]} 1. e4 e5 2. Nf3 Nf6 3. Nxe5 d6 4. Nd3 (4. Nf3 Nxe4 5. Nc3 Nxc3 6. dxc3 Be7 7. Be3 Nc6 8. Qd2 Bf5 9. O-O-O Qd7 10. Bc4 Bf6 11. Nd4 Nxd4 12. Bxd4 Bxd4 13. Qxd4 O-O 14. Rhe1 b6 15. Bd5 Rae8 16. Qc4 {½-½ (30) Vachier Lagrave,M (2774)-Yu,Y (2763) Khanty-Mansiysk 2019}) 4... Nxe4 5. Qe2 Qe7 6. Nf4 {[#] Strongly threatening Nd5. C42: Petroff Defence: 3 Nxe5 and unusual White 3rd moves} Nf6 7. d4 Qxe2+ 8. Bxe2 {The position is equal.} Nc6 9. c3 g6 10. f3 Bg7 11. Kf2 $146 ({Predecessor:} 11. h4 h5 {½-½ (43) Motylev,A (2659)-Rakhmanov,A (2627) Yaroslavl 2018}) 11... O-O 12. Na3 a6 13. Nc2 b6 14. Bd3 Bb7 15. Bd2 Rfe8 16. g4 Ne7 17. g5 Nd7 18. Rae1 c5 19. Re2 b5 20. Rhe1 Kf8 $1 21. dxc5 Nxc5 22. Nd4 Nxd3+ 23. Nxd3 Bxd4+ 24. cxd4 Nf5 25. Rxe8+ Rxe8 26. Rxe8+ Kxe8 $11 {[%mdl 4096] Endgame KBN-KBN} 27. Bc3 Nh4 28. Ne1 Ke7 29. Kg3 Nf5+ 30. Kf2 Ke6 31. Ng2 h6 32. d5+ Kd7 ({Not} 32... Kxd5 $2 33. Ne3+ Ke6 34. Nxf5 $18) 33. gxh6 Nxh6 34. Ne3 Ng8 35. f4 Ne7 36. Bf6 Nxd5 37. Nxd5 Bxd5 $17 {KB-KB} 38. a3 Ke6 39. Bd8 Bc6 40. Ke3 Kd5 41. Be7 {Black is slightly better.} a5 42. Bd8 a4 43. Be7 Ke6 44. Bd8 Bd5 45. Kd4 Bc4 46. Ke3 Kf5 47. Kf3 Bb3 48. Ke3 Kg4 49. h4 d5 50. Bg5 Kf5 51. Bh6 Bc4 52. Bg7 Kg4 53. Bf6 $1 Ba2 54. Bg5 Bb1 55. Bf6 Kf5 56. Bg7 Ke6 57. Bd4 Bc2 58. Bc3 Kf5 59. Bd4 Bb3 60. Bc3 Kg4 61. Bf6 {[#]} d4+ $1 {[%mdl 512]} 62. Bxd4 (62. Kxd4 Kxf4) 62... Kxh4 63. Bf6+ Kg4 64. Be7 Kf5 65. Kf3 Bd1+ 66. Kg3 Ke6 67. Bd8 Kd5 68. Bf6 Ke4 69. Be7 Kd3 70. Kh4 Kc4 71. Kg5 Bc2 72. Bf6 Kd5 73. Bc3 Ke6 74. Bd4 {Accuracy: White = 68%, Black = 78%.} 1/2-1/2

[Event "69th GRE-ch 2019"]
[Site "Thessaloniki"]
[Date "2019.11.21"]
[Round "2.5"]
[White "Kanakaris, Georgios"]
[Black "Ioannidis, Evgenios"]
[Result "1/2-1/2"]
[WhiteElo "2395"]
[BlackElo "2379"]
[Annotator "TA"]
[PlyCount "87"]
[EventDate "2019.11.20"]
[EventType "tourn"]
[EventCountry "GRE"]
[SourceTitle "playchess.com"]
[Source "ChessBase"]
[SourceQuality "1"]

{[%evp 14,87,60,43,44,38,38,30,56,62,46,53,77,35,27,37,54,41,46,45,57,56,60,53,78,81,94,52,114,112,103,116,114,97,105,104,106,32,25,23,25,0,0,0,0,0,0,-104,-111,-437,-456,-434,-455,-394,0,0,0,-841,-834,-1291,-1284,-1039,0,0,0,0,0,0,0,-5089,0,0,0,0,0,0]} 1. d4 Nf6 2. c4 g6 3. Nc3 Bg7 4. e4 d6 5. Nge2 O-O 6. Ng3 c5 7. d5 e6 8. Bd3 exd5 {E70: King's Indian: Miscellaneous lines with 4 e4, including 5 Nge2 and 5 Bd3 0-0 6 Nge2} 9. cxd5 a6 10. a4 b6 {White has an edge.} (10... Ng4 11. h3 Ne5 12. Bc2 Qh4 13. Nce2 Nbd7 14. O-O b5 15. axb5 Nb6 16. f4 {½-½ (42) Neverov,V (2566)-Miroshnichenko,E (2628) Dubai 2005}) 11. h3 Nbd7 12. O-O Qc7 $146 ({Predecessor:} 12... Rb8 13. Qe2 Ra8 14. f4 Ne8 15. Be3 Nc7 {1-0 (30) Norris,A-Dominguez,J Mexico City 1980}) 13. Be3 c4 14. Bc2 Re8 15. Qd2 Rb8 16. f4 Rb7 17. e5 dxe5 18. f5 $1 b5 19. axb5 axb5 20. Ra6 b4 (20... Rb6 $14 21. Bxb6 Nxb6) 21. Nce4 c3 22. bxc3 bxc3 23. Qf2 Rf8 24. Rc6 $1 {[%cal Rc6c7][%mdl 64] Double Attack} Qa5 25. Nxf6+ ({But not} 25. Nxc3 $6 Rb2 $14) (25. Bg5 $1 $16 {[%cal Rg5f6]} Qxd5 26. Rxc3) 25... Nxf6 $14 26. Bc5 Re8 27. fxg6 hxg6 28. Rxf6 Bxf6 29. Ne4 Bd8 $1 {Hoping for ...f5.} 30. Nd6 {[#]} (30. Kh2 $11 {keeps the balance.} Qa2 31. Nd6 {[%mdl 64] Double Attack}) 30... Bh4 $1 $17 {[%cal Rh4f2][%mdl 512]} 31. g3 $2 {[%mdl 8192] [#]} (31. Qe3 $17 {nothing else works.} Rd8 32. Kh2) (31. Qxh4 Qxc5+) 31... Bxg3 $1 $19 32. Qe3 {[#]} (32. Qxg3 Qxc5+) 32... Rd8 $1 {Strongly threatening ...Bf4.} 33. Ne4 Bf4 $2 (33... Bh4 $19 34. Qh6 f5 35. Qxh4 fxe4) 34. Rxf4 $11 exf4 35. Qd4 $2 {[%mdl 8192] [#]} (35. Nf6+ $11 Kg7 36. Qd4) 35... f5 $1 $19 {[%cal Rf5e4]} ({Not} 35... Qa1+ 36. Kf2 $11) 36. Nf6+ Kf7 {White must now prevent ...Qa1+.} 37. Nh7 Qa1+ $2 (37... Re8 $19 38. Kg2 Qd8 39. Qxc3 Qh4) 38. Kf2 $11 {White wants to mate with Qf6+.} Kg8 39. Nf6+ Kf7 40. Nh7 {White threatens Qf6+ and mate.} Kg8 41. Qf6 $2 {[%mdl 8192]} (41. Nf6+ $11 Kf7 42. Nh7) 41... Rg7 $2 (41... Rxd5 $19 {( -> ...Rd2+)} 42. Bd4 Rxd4 43. Qxg6+ Kh8 44. Qf6+ Kxh7 45. Bxf5+ Bxf5 46. Qxf5+ Kg7 47. Qe5+ Kg6 48. Qe6+ Kg7 49. Qe5+ Kg6 50. Qe6+ Kh7 51. Qf5+ Kg7 52. Qe5+) 42. Qxd8+ {[%mdl 64] Double Attack. The position is equal.} Kxh7 43. Qh4+ Kg8 {...g5 is the strong threat.} 44. Qd8+ {Accuracy: White = 68%, Black = 60%.} 1/2-1/2

[Event "69th GRE-ch 2019"]
[Site "Thessaloniki"]
[Date "2019.11.22"]
[Round "3.1"]
[White "Ioannidis, Evgenios"]
[Black "Giannoulakis, Lampros"]
[Result "1/2-1/2"]
[WhiteElo "2379"]
[BlackElo "2227"]
[Annotator "NA"]
[PlyCount "89"]
[EventDate "2019.11.20"]
[EventType "tourn"]
[EventCountry "GRE"]
[SourceTitle "playchess.com"]
[Source "ChessBase"]
[SourceQuality "1"]
[TimeControl "40/5400+30:1800+30"]

1. e4 {[%emt 0:00:00]} c5 {[%emt 0:00:02]} 2. Nf3 {[%emt 0:00:00]} d6 {[%emt 0:00:08]} 3. d4 {[%emt 0:00:18]} cxd4 {[%emt 0:00:17]} 4. Qxd4 {[%emt 0:00:20]} Nc6 {[%emt 0:00:24]} 5. Qe3 {[%emt 0:00:26]} Nf6 {[%emt 0:04:45]} 6. Be2 {[%emt 0:00:27]} Bg4 {[%emt 0:04:43]} 7. O-O {[%emt 0:05:55]} g6 {[%emt 0:03:19]} 8. c4 {[%emt 0:02:30]} Bg7 {[%emt 0:01:08]} 9. Nc3 {[%emt 0:00:16]} O-O {[%emt 0:00:53]} 10. Rd1 {[%emt 0:01:08]} Qc7 {[%emt 0:19:23]} 11. Rb1 {[%emt 0:08:22]} Rac8 {[%emt 0:02:34]} 12. b3 {[%emt 0:03:36]} a6 {[%emt 0:07:58]} 13. Bb2 {[%emt 0:11:48]} Qa5 {[%emt 0:07:29]} 14. Nd5 {[%emt 0:27:15]} Bxf3 {[%emt 0:19:37]} 15. Bxf3 {[%emt 0:01:02]} Nxd5 {[%emt 0:01:32]} 16. exd5 {[%emt 0:00:07]} Ne5 {[%emt 0:01:16]} 17. Be2 {[%emt 0:02:09]} Rfe8 {[%emt 0:01:51]} 18. a3 {[%emt 0:06:52]} Qc7 {[%emt 0:05:17]} 19. Bd4 {[%emt 0:04:09]} Nd7 {[%emt 0:03:47]} 20. Bg4 {[%emt 0:03:33]} Bxd4 {[%emt 0:04:12]} 21. Rxd4 {[%emt 0:01:00]} Rb8 {[%emt 0:00:28]} 22. Bxd7 {[%emt 0:03:27]} Qxd7 {[%emt 0:00:04]} 23. Re1 {[%emt 0:03:10]} e5 {[%emt 0:01:03]} 24. dxe6 {[%emt 0:00:38]} Rxe6 {[%emt 0:00:05]} 25. Qd2 {[%emt 0:04:09]} Rxe1+ {[%emt 0:00:49]} 26. Qxe1 {[%emt 0:00:06]} Re8 {[%emt 0:01:29]} 27. Qd2 {[%emt 0:04:51]} Re6 {[%emt 0:00:19]} 28. h4 {[%emt 0:00:47]} Qe7 {[%emt 0:00:58]} 29. g3 h5 {[%emt 0:01:46]} 30. Kg2 {[%emt 0:00:13]} Kg7 {[%emt 0:02:08]} 31. Qd3 {[%emt 0:01:04]} Qf6 {[%emt 0:01:51]} 32. Rf4 {[%emt 0:00:53]} Qe5 {[%emt 0:00:38]} 33. Qf3 {[%emt 0:01:20]} Re7 {[%emt 0:00:12]} 34. b4 {[%emt 0:00:39]} Rc7 {[%emt 0:02:40]} 35. Re4 {[%emt 0:01:19]} Qf6 {[%emt 0:01:20]} 36. Qe3 {[%emt 0:00:05]} Qf5 {[%emt 0:00:58]} 37. Qd4+ {[%emt 0:01:26]} Qf6 {[%emt 0:00:05]} 38. Qd5 {[%emt 0:02:35]} Re7 {[%emt 0:00:20]} 39. Rd4 {[%emt 0:00:23]} Re6 {[%emt 0:00:40]} 40. Re4 {[%emt 0:00:00]} Rxe4 {[%emt 0:00:00]} 41. Qxe4 {[%emt 0:01:53]} Qe6 {[%emt 0:14:59]} 42. Kf3 {[%emt 0:05:24]} Qf6+ {[%emt 0:01:45]} 43. Kg2 {[%emt 0:05:18]} Qe6 {[%emt 0:00:04]} 44. Kf3 {[%emt 0:06:34]} Qf6+ {[%emt 0:00:04]} 45. Kg2 {[%emt 0:02:55]} 1/2-1/2

[Event "69th GRE-ch 2019"]
[Site "Thessaloniki"]
[Date "2019.11.22"]
[Round "3.2"]
[White "Malikentzos, Sotirios"]
[Black "Kanakaris, Georgios"]
[Result "1/2-1/2"]
[WhiteElo "2432"]
[BlackElo "2395"]
[Annotator "NA"]
[PlyCount "94"]
[EventDate "2019.11.20"]
[EventType "tourn"]
[EventCountry "GRE"]
[SourceTitle "playchess.com"]
[Source "ChessBase"]
[SourceQuality "1"]
[TimeControl "40/5400+30:1800+30"]

1. Nf3 {[%emt 0:00:50]} g6 {[%emt 0:00:00]} 2. d4 {[%emt 0:00:07]} Nf6 {[%emt 0:00:24]} 3. c4 {[%emt 0:00:12]} Bg7 {[%emt 0:00:06]} 4. g3 {[%emt 0:00:04]} O-O {[%emt 0:00:11]} 5. Bg2 {[%emt 0:00:06]} d5 {[%emt 0:00:09]} 6. cxd5 {[%emt 0:00:09]} Nxd5 {[%emt 0:00:06]} 7. O-O {[%emt 0:00:05]} Nb6 {[%emt 0:00:35]} 8. Nc3 {[%emt 0:01:37]} Nc6 {[%emt 0:00:21]} 9. e3 {[%emt 0:00:18]} a5 {[%emt 0:01:30]} 10. Qe2 {[%emt 0:03:06]} Be6 {[%emt 0:07:56]} 11. Rd1 {[%emt 0:06:31]} Bc4 {[%emt 0:00:16]} 12. Qc2 {[%emt 0:01:25]} a4 {[%emt 0:09:05]} 13. Ne5 {[%emt 0:12:39]} Bxe5 {[%emt 0:28:44]} 14. dxe5 {[%emt 0:08:03]} Qc8 {[%emt 0:00:14]} 15. e4 {[%emt 0:07:48]} Nb4 {[%emt 0:00:15]} 16. Qb1 {[%emt 0:06:29]} Rd8 {[%emt 0:04:04]} 17. Be3 {[%emt 0:05:51]} Qe6 {[%emt 0:05:17]} 18. f4 {[%emt 0:05:51]} Rd3 {[%emt 0:17:01]} 19. Qc1 {[%emt 0:13:09]} Rad8 {[%emt 0:04:53]} 20. Rxd3 {[%emt 0:08:05]} Nxd3 {[%emt 0:00:12]} 21. Qc2 {[%emt 0:01:09]} Nb4 {[%emt 0:08:31]} 22. Qf2 {[%emt 0:00:03]} Nd3 {[%emt 0:00:09]} 23. Qc2 {[%emt 0:00:48]} Nb4 {[%emt 0:01:08]} 24. Qf2 {[%emt 0:00:05]} Nd3 {[%emt 0:00:06]} 25. Qd2 {[%emt 0:01:01]} Rd7 {[%emt 0:00:26]} 26. Qc2 {[%emt 0:04:40]} Qc6 {[%emt 0:04:41]} 27. Rd1 {[%emt 0:02:22]} Nb4 {[%emt 0:00:34]} 28. Qb1 {[%emt 0:01:25]} Bd3 {[%emt 0:03:55]} 29. Qc1 {[%emt 0:00:04]} e6 {[%emt 0:00:44]} 30. a3 {[%emt 0:02:47]} Nc2 {[%emt 0:00:04]} 31. Bf2 {[%emt 0:00:39]} Qc4 {[%emt 0:00:55]} 32. Kh1 {[%emt 0:04:42]} Nd4 {[%emt 0:01:06]} 33. Qe3 {[%emt 0:00:29]} Nb3 {[%emt 0:00:16]} 34. Qe1 {[%emt 0:00:51]} Nc5 {[%emt 0:00:44]} 35. Rc1 {[%emt 0:00:55]} Nb3 {[%emt 0:00:13]} 36. Rd1 {[%emt 0:00:02]} Nc5 {[%emt 0:00:34]} 37. Kg1 {[%emt 0:01:16]} Bc2 {[%emt 0:01:09]} 38. Rxd7 {[%emt 0:00:25]} Nbxd7 {[%emt 0:00:04]} 39. Qd2 Qd3 {[%emt 0:00:16]} 40. Qc1 {[%emt 0:00:00]} Bb3 {[%emt 0:00:00]} 41. f5 {[%emt 0:16:28]} Qc2 {[%emt 0:16:42]} 42. Qg5 {[%emt 0:00:20]} Nd3 {[%emt 0:02:47]} 43. Qd8+ {[%emt 0:01:57]} Nf8 {[%emt 0:00:03]} 44. Be3 {[%emt 0:00:53]} Ne1 {[%emt 0:06:00]} 45. Bf2 {[%emt 0:03:31]} Nd3 {[%emt 0:05:00]} 46. Be3 {[%emt 0:00:02]} Ne1 {[%emt 0:00:05]} 47. Bf2 {[%emt 0:00:59]} Nd3 {[%emt 0:00:18]} 1/2-1/2

[Event "69th GRE-ch 2019"]
[Site "Thessaloniki"]
[Date "2019.11.22"]
[Round "3.3"]
[White "Koutoukidis, Panagiotis"]
[Black "Megalios, Konstantinos"]
[Result "1/2-1/2"]
[WhiteElo "2412"]
[BlackElo "2386"]
[Annotator "NA"]
[PlyCount "68"]
[EventDate "2019.11.20"]
[EventType "tourn"]
[EventCountry "GRE"]
[SourceTitle "playchess.com"]
[Source "ChessBase"]
[SourceQuality "1"]
[TimeControl "40/5400+30:1800+30"]

1. c4 {[%emt 0:00:00]} e6 {[%emt 0:03:29]} 2. Nc3 {[%emt 0:00:00]} d5 {[%emt 0:02:15]} 3. d4 {[%emt 0:00:13]} a6 {[%emt 0:02:49]} 4. cxd5 {[%emt 0:03:25]} exd5 {[%emt 0:00:21]} 5. Nf3 {[%emt 0:00:05]} Nf6 {[%emt 0:00:29]} 6. Bg5 {[%emt 0:00:34]} Be6 {[%emt 0:00:23]} 7. e3 {[%emt 0:02:13]} Nbd7 {[%emt 0:00:56]} 8. Bd3 {[%emt 0:01:05]} Bd6 {[%emt 0:03:29]} 9. Qc2 {[%emt 0:01:27]} h6 {[%emt 0:03:12]} 10. Bf4 {[%emt 0:01:07]} Qe7 {[%emt 0:03:44]} 11. O-O {[%emt 0:05:45]} O-O {[%emt 0:00:50]} 12. h3 {[%emt 0:03:01]} Rac8 {[%emt 0:13:57]} 13. Ne2 {[%emt 0:16:41]} Rfe8 {[%emt 0:15:44]} 14. Rac1 {[%emt 0:03:16]} c5 {[%emt 0:05:15]} 15. Bxd6 {[%emt 0:04:26]} Qxd6 {[%emt 0:00:06]} 16. dxc5 {[%emt 0:00:14]} Nxc5 {[%emt 0:01:32]} 17. Ned4 {[%emt 0:05:02]} Nfe4 {[%emt 0:05:57]} 18. Nxe6 {[%emt 0:09:28]} Qxe6 {[%emt 0:02:33]} 19. Nd4 {[%emt 0:02:45]} Qd7 {[%emt 0:01:02]} 20. Qe2 {[%emt 0:07:23]} Ne6 {[%emt 0:10:55]} 21. Nxe6 {[%emt 0:00:49]} Qxe6 {[%emt 0:01:49]} 22. Qg4 {[%emt 0:06:24]} Qxg4 {[%emt 0:07:44]} 23. hxg4 {[%emt 0:00:04]} Kf8 {[%emt 0:00:23]} 24. f3 {[%emt 0:08:12]} Nd2 {[%emt 0:04:43]} 25. Rxc8 {[%emt 0:00:14]} Rxc8 {[%emt 0:00:07]} 26. Re1 {[%emt 0:13:31]} Nc4 {[%emt 0:00:54]} 27. Re2 {[%emt 0:00:28]} Ne5 {[%emt 0:01:09]} 28. Bc2 {[%emt 0:00:17]} Ke7 {[%emt 0:01:29]} 29. Kf2 {[%emt 0:00:18]} Kd6 {[%emt 0:00:47]} 30. b3 {[%emt 0:01:15]} Rc3 {[%emt 0:00:43]} 31. Rd2 {[%emt 0:00:58]} Kc5 {[%emt 0:01:28]} 32. Ke2 {[%emt 0:00:28]} Nc6 {[%emt 0:01:30]} 33. Bd3 {[%emt 0:03:26]} Nb4 {[%emt 0:00:50]} 34. Bh7 {[%emt 0:01:26]} Nc6 {[%emt 0:02:09]} 1/2-1/2

[Event "69th GRE-ch 2019"]
[Site "Thessaloniki"]
[Date "2019.11.22"]
[Round "3.4"]
[White "Kalogeris, Ioannis"]
[Black "Kourkoulos-Arditis, Stamatis"]
[Result "0-1"]
[WhiteElo "2330"]
[BlackElo "2457"]
[Annotator "ChessBase"]
[PlyCount "56"]
[EventDate "2019.11.20"]
[EventType "tourn"]
[EventCountry "GRE"]
[SourceTitle "playchess.com"]
[Source "ChessBase"]
[SourceQuality "1"]
[TimeControl "40/5400+30:1800+30"]

1. e4 {[%emt 0:00:00]} e6 {[%emt 0:00:34]} 2. d4 {[%emt 0:00:00]} d5 {[%emt 0:00:04]} 3. Nc3 {[%emt 0:00:00]} Bb4 {[%emt 0:00:05]} 4. Nge2 {[%emt 0:00:04]} dxe4 {[%emt 0:00:09]} 5. a3 {[%emt 0:00:08]} Be7 {[%emt 0:00:04]} 6. Nxe4 {[%emt 0:00:53]} Nf6 {[%emt 0:00:07]} 7. Qd3 {[%emt 0:01:16]} Bd7 {[%emt 0:02:03]} 8. Be3 {[%emt 0:01:38]} Nxe4 {[%emt 0:05:03]} 9. Qxe4 {[%emt 0:00:02]} Bc6 {[%emt 0:00:05]} 10. Qg4 {[%emt 0:06:23]} g6 {[%emt 0:00:32]} 11. Bh6 {[%emt 0:03:03]} Nd7 {[%emt 0:00:31]} 12. Rd1 {[%emt 0:03:39]} Nf6 {[%emt 0:03:56]} 13. Qh3 {[%emt 0:01:32]} Qd7 {[%emt 0:15:43]} 14. Nf4 {[%emt 0:14:22]} O-O-O {[%emt 0:02:11]} 15. Be2 {[%emt 0:01:39]} Rhg8 {[%emt 0:10:58]} 16. O-O {[%emt 0:32:53]} g5 {[%emt 0:05:52]} 17. Nd3 {[%emt 0:02:46]} Qxd4 {[%emt 0:00:18]} 18. Nb4 {[%emt 0:00:49]} Qb6 {[%emt 0:00:29]} 19. Nxc6 {[%emt 0:02:41]} Qxc6 {[%emt 0:00:04]} 20. Qe3 {[%emt 0:09:30]} Rxd1 {[%emt 0:10:11]} 21. Rxd1 {[%emt 0:00:54]} Qc5 {[%emt 0:00:07]} 22. Qd2 {[%emt 0:08:50]} Bd6 {[%emt 0:05:08]} 23. b4 {[%emt 0:02:37]} Qe5 {[%emt 0:00:20]} 24. g3 {[%emt 0:00:02]} Ne4 {[%emt 0:04:30]} 25. Qd4 {[%emt 0:01:45]} Nc3 {[%emt 0:04:56]} 26. Qxe5 {[%emt 0:00:04]} Bxe5 {[%emt 0:00:04]} 27. Re1 {[%emt 0:00:09]} Nxe2+ {[%emt 0:00:19]} 28. Rxe2 {[%emt 0:00:01]} Bd6 {[%emt 0:00:06]} 0-1

[Event "69th GRE-ch 2019"]
[Site "Thessaloniki"]
[Date "2019.11.22"]
[Round "3.5"]
[White "Papadopoulos, Georgios"]
[Black "Mitsis, Georgios"]
[Result "0-1"]
[WhiteElo "2378"]
[BlackElo "2348"]
[Annotator "ChessBase"]
[PlyCount "74"]
[EventDate "2019.11.20"]
[EventType "tourn"]
[EventCountry "GRE"]
[SourceTitle "playchess.com"]
[Source "ChessBase"]
[SourceQuality "1"]
[TimeControl "40/5400+30:1800+30"]

1. d4 {[%emt 0:00:00]} Nf6 {[%emt 0:00:00]} 2. c4 {[%emt 0:00:00]} e6 {[%emt 0:00:00]} 3. Nc3 {[%emt 0:00:00]} d5 {[%emt 0:00:37]} 4. cxd5 {[%emt 0:00:00]} exd5 {[%emt 0:00:13]} 5. Bg5 {[%emt 0:00:07]} Be7 {[%emt 0:00:40]} 6. e3 {[%emt 0:00:34]} c6 {[%emt 0:00:41]} 7. Qc2 {[%emt 0:02:40]} Nbd7 {[%emt 0:00:59]} 8. Bd3 {[%emt 0:00:28]} Nf8 {[%emt 0:00:33]} 9. Nge2 {[%emt 0:10:09]} Ne6 {[%emt 0:00:46]} 10. Bh4 {[%emt 0:00:19]} g6 {[%emt 0:00:46]} 11. O-O-O {[%emt 0:21:53]} a5 {[%emt 0:02:12]} 12. f3 {[%emt 0:03:53]} a4 {[%emt 0:03:28]} 13. Nxa4 {[%emt 0:20:38]} O-O {[%emt 0:02:32]} 14. a3 {[%emt 0:01:47]} b6 {[%emt 0:06:33]} 15. Nac3 {[%emt 0:05:56]} Bb7 {[%emt 0:22:04]} 16. Kb1 {[%emt 0:08:53]} c5 {[%emt 0:01:56]} 17. Bb5 {[%emt 0:07:34]} Nc7 {[%emt 0:06:28]} 18. Nf4 {[%emt 0:00:59]} Ra5 {[%emt 0:06:36]} 19. Be2 {[%emt 0:02:30]} c4 {[%emt 0:02:32]} 20. Bxf6 {[%emt 0:01:19]} Bxf6 {[%emt 0:00:19]} 21. e4 {[%emt 0:00:03]} b5 {[%emt 0:01:20]} 22. Nfxd5 {[%emt 0:03:08]} Bxd5 {[%emt 0:00:57]} 23. exd5 {[%emt 0:00:49]} Nxd5 {[%emt 0:00:16]} 24. Nxd5 {[%emt 0:02:10]} Qxd5 {[%emt 0:00:05]} 25. h4 {[%emt 0:01:35]} Rc8 {[%emt 0:01:54]} 26. h5 {[%emt 0:01:27]} c3 {[%emt 0:02:45]} 27. hxg6 {[%emt 0:00:04]} hxg6 {[%emt 0:00:07]} 28. Bd3 {[%emt 0:00:49]} b4 {[%emt 0:03:23]} 29. Be4 {[%emt 0:00:20]} Qb5 {[%emt 0:01:31]} 30. Bxg6 {[%emt 0:02:34]} b3 {[%emt 0:00:25]} 31. Bxf7+ {[%emt 0:00:04]} Kxf7 {[%emt 0:00:35]} 32. Qh7+ {[%emt 0:00:09]} Bg7 {[%emt 0:00:07]} 33. Rde1 {[%emt 0:00:51]} c2+ {[%emt 0:00:18]} 34. Ka1 {[%emt 0:00:45]} Rxa3+ {[%emt 0:00:18]} 35. bxa3 {[%emt 0:00:01]} b2+ {[%emt 0:00:10]} 36. Ka2 {[%emt 0:00:01]} Qc4+ {[%emt 0:00:53]} 37. Kxb2 {[%emt 0:00:05]} Qxd4+ {[%emt 0:00:47]} 0-1

[Event "69th GRE-ch 2019"]
[Site "Thessaloniki"]
[Date "2019.11.23"]
[Round "4.1"]
[White "Giannoulakis, Lampros"]
[Black "Mitsis, Georgios"]
[Result "1-0"]
[WhiteElo "2227"]
[BlackElo "2348"]
[Annotator "NA"]
[PlyCount "89"]
[EventDate "2019.11.20"]
[EventType "tourn"]
[EventCountry "GRE"]
[SourceTitle "playchess.com"]
[Source "ChessBase"]
[SourceQuality "1"]
[TimeControl "40/5400+30:1800+30"]

1. d4 {[%emt 0:00:04]} Nf6 {[%emt 0:00:00]} 2. c4 {[%emt 0:00:11]} e6 {[%emt 0:00:00]} 3. Nf3 {[%emt 0:00:10]} d5 {[%emt 0:00:19]} 4. Nc3 {[%emt 0:00:32]} Nbd7 {[%emt 0:00:54]} 5. Bf4 {[%emt 0:01:47]} dxc4 {[%emt 0:00:52]} 6. e4 {[%emt 0:26:04]} Bb4 {[%emt 0:01:40]} 7. Nd2 {[%emt 0:08:42]} O-O {[%emt 0:11:51]} 8. Bxc4 {[%emt 0:07:21]} Nb6 {[%emt 0:00:56]} 9. Qb3 {[%emt 0:03:34]} c5 {[%emt 0:02:42]} 10. dxc5 {[%emt 0:08:20]} Bxc5 {[%emt 0:00:17]} 11. Rd1 {[%emt 0:02:20]} Nh5 {[%emt 0:39:30]} 12. Nf3 {[%emt 0:02:37]} Qe7 {[%emt 0:02:30]} 13. Bg5 {[%emt 0:03:17]} f6 {[%emt 0:09:42]} 14. Bc1 {[%emt 0:02:03]} g6 {[%emt 0:04:34]} 15. O-O {[%emt 0:01:41]} Bd7 {[%emt 0:01:52]} 16. Be2 {[%emt 0:02:21]} a5 {[%emt 0:02:12]} 17. a4 {[%emt 0:00:37]} Bc6 {[%emt 0:04:41]} 18. Nd4 {[%emt 0:01:30]} Ng7 {[%emt 0:00:16]} 19. Bb5 {[%emt 0:03:45]} Rfc8 {[%emt 0:02:37]} 20. Be3 {[%emt 0:00:30]} Kh8 {[%emt 0:01:01]} 21. Rd2 {[%emt 0:10:39]} e5 {[%emt 0:06:17]} 22. Nc2 {[%emt 0:00:40]} Rab8 {[%emt 0:02:16]} 23. Rfd1 {[%emt 0:01:03]} Ne6 {[%emt 0:00:28]} 24. Nd5 {[%emt 0:02:33]} Nxd5 {[%emt 0:02:19]} 25. exd5 {[%emt 0:00:27]} Bxb5 {[%emt 0:00:27]} 26. Qxb5 {[%emt 0:06:16]} Bxe3 {[%emt 0:00:07]} 27. fxe3 {[%emt 0:00:28]} Nc5 {[%emt 0:00:13]} 28. d6 {[%emt 0:00:33]} Qd7 {[%emt 0:01:43]} 29. Na3 {[%emt 0:00:18]} Rc6 {[%emt 0:01:18]} 30. Nc4 {[%emt 0:01:30]} Rbc8 {[%emt 0:00:42]} 31. Nxa5 {[%emt 0:01:54]} Ne4 {[%emt 0:00:09]} 32. Nxc6 {[%emt 0:00:39]} bxc6 {[%emt 0:00:18]} 33. Qc4 {[%emt 0:00:44]} Nxd2 {[%emt 0:00:10]} 34. Rxd2 {[%emt 0:00:04]} Ra8 {[%emt 0:00:20]} 35. b3 {[%emt 0:00:09]} Kg7 {[%emt 0:00:15]} 36. h3 {[%emt 0:00:16]} h5 {[%emt 0:00:32]} 37. Qc5 {[%emt 0:00:40]} Kf7 {[%emt 0:00:27]} 38. Qc4+ {[%emt 0:01:12]} Kg7 {[%emt 0:00:17]} 39. Qc5 {[%emt 0:00:02]} Kf7 {[%emt 0:00:31]} 40. a5 {[%emt 0:00:00]} g5 {[%emt 0:00:00]} 41. b4 {[%emt 0:06:37]} h4 {[%emt 0:00:48]} 42. Rc2 {[%emt 0:00:59]} Rd8 {[%emt 0:01:24]} 43. Qxc6 {[%emt 0:00:43]} Qxd6 {[%emt 0:00:06]} 44. Qxd6 {[%emt 0:03:31]} Rxd6 {[%emt 0:00:15]} 45. Ra2 {[%emt 0:01:28]} 1-0